1570 1506 1691 1400 1583 1361 1155 1571 1313 1873 1448 1433 1159 1976 1417 1456 1761 1252 1761 1454 1002 1679 1854 1646 1017 1601 1621 1688 1660 1028 1755 1063 1447 1968 1968 1552 1237 1128 1480 1258 1293 1963 1893 1694 1313 1630 1207 1584 1008 1862 1973 1948 1644 1301 1850 1620 1419 1056 1233 1865 1473 1615 1187 1334 1750 1173 1610 1933 1195 1376 1793 1187 1579 1523 1995 1359 1883 1148 1172 1267 1680 1646 1560 1542 1812 1802 1916 1817 1233 1307 1728 1696 1640 1681 1327 1735 1388 1296 1958 BCNSPRNW ULIB Ver.6.0+V

เปลี่ยนเป็นภาษาไทย

Change to English
 แสดงรายละเอียดบรรณานุกรม
  กลับหน้าหลัก

Brief Record : Get Marc (ISO 2709) : E-mail record : QR code < ปิดหน้าต่าง
LEADER : 00000nam 2200000uu 4500
001    13399111662
003     ULIB
008    110704s2551||||th 000 0 tha d
020    974993122x
050  4 BQ4570^bว111ส 2551
100 0  ว.วชิรเมธี
245 10 สบตากับความตาย /^cว.วชิรเมธี
250    พิมพ์ครั้งที่ 16
260    กรุงเทพฯ :^bอมรินทร์,^c2551
300    196 หน้า :^bภาพประกอบ ;^c17 ซม.
440  0 ธรรมะในอากาศ ;^vลำดับที่ 1
650  7 ความตาย^xแง่ศาสนา^xพุทธศาสนา
650  7 การดำเนินชีวิต^xแง่ศาสนา^xพุทธศาสนา
650  7 ธรรมะกับชีวิตประจำวัน
945    ^p135^l0^i029168
945    ^p135^l0^i024855
995    ทศพร
999 ^a ใช้งานได้ทุกระบบ
รายการนี้ยังไม่มีแท็ก
คุณยังไม่ได้ล็อกอิน คุณสามารถมีกิจกรรมร่วมกับเว็บไซต์ได้ แต่ต้องล็อกอินก่อน ::
  ล็อกอิน

รายการสื่อสารสนเทศ

ลำดับที่ ประเภท เลขเรียก/บาร์โค้ด สถานที่ สถานะ
- ไม่พบข้อมูล -

รายการใกล้เคียง
    ผู้แต่ง [ว.วชิรเมธี]

    หัวเรื่อง [ธรรมะกับชีวิตประจำวัน]

BibComment


ยังไม่เคยถูกคอมเมนท์

คอมเมนท์ทรัพยากรรายการนี้
  คอมเมนท์: สบตากับความตาย ว..


 Copyright 2026. Bcnsprnw @Library